000 01265nam1a2200289 i 4500
001 RU\NLR\bibl\1387292
005 20260409071351.0
035 _a(NLR Aleph) 001379352
090 _a1092040
_c1092040
100 _a20090626g20089999u y0rusy50 ca
101 0 _arus
102 _aRU
105 _a||||z |||||
200 1 _aТеория и методика обучения математике
_eучебно-методическое пособие
_eв 3 ч.
_fЕ. С. Петрова
_gСарат. гос. ун-т им. Н. Г. Чернышевского
210 _aСаратов
_cИзд-во Саратовского университета
_d2008
215 _d21
225 1 _aБиблиотека "Педагогические измерения"
463 0 _10011329735
606 _aМатематика
_xПреподавание
_xСредняя школа
_91523244
_3RU\NLR\auth\66662481
686 _aЧ426.24
700 1 _4070
_7ca
_8rus
_aПетрова
_bЕ. С.
_cд-р пед. наук
_f1937-2009
_gЕлена Степановна
_920275
_3RU\NLR\AUTH\7737286
801 0 _aRU
_bNLR
_c20090626
_gRCR
801 1 _aRU
_bNLR
_c20090626
852 _aNLR
_j2009-4/2087
942 _cBOOK